000 00528nam a2200181 i 4500
001 141586
003 ES-MaACL
005 20250822062552.0
007 t|
008 070925s1914 fr ||||1| fre d
100 1 _aVilley, Pierre,
_d1879-1933
_9115258
245 1 3 _aLe monde des aveugles
_b: essai de psychologie /
_cPierre Villey.
260 _aParis :
_bFlammarion,
_c1914.
300 _aVII, 356 p. ;
_c19 cm.
650 1 7 _aPsicologĂ­a
_2embne
_916540
852 _aES-MaACL
_jF-6367
999 _c141586
_d141586